Andrew Lloyd Weber musical premiers - Statistics

General Stats
  • This quiz has been taken 17 times
  • The average score is 7 of 13
Answer Stats
song year Answer % Correct
Memory 1981 cats
100%
dont cry for me argentina 1976 evita
100%
music of the night 1986 the Phantom of the Opera
100%
i am the starlight 1984 starlight express
80%
everythings alright 1970 Jesus Christ Superstar
67%
hail hail the witch is dead 2011 the wizard of oz
67%
Wooster will entertain you 1975 Jeeves
47%
as if we never said goodbye 1993 sunset Boulevard
47%
Bad Cinderella 2020 Cinderella
40%
Stick it to the man 2015 school of rock
33%
Benjamin Calypso 1968 Joseph and the amazing Technicolor Dreamcoat
27%
let me finish 1978 Tell me on a sunday
27%
Till i hear you sing 2010 Lover never dies
0%
No matching quizzes found
Score Distribution
Percent of People with Each Score
Percentile by Number Answered
Your Score History
You have not taken this quiz